Quiz sull'Uruguay - Statistics

Statistiche generali
  • Questo quiz è stato fatto 1.416 volte
  • Il punteggio medio è 11 su 17
Statistiche sulle risposte
Hint Risposta % Corretto
Lingua ufficiale Spagnolo
97%
Argentina
96%
Paesi che confinano con l'Uruguay Brasile
96%
Capitale Montevideo
93%
Evento vinto dall'Uruguay nel 1930 e nel 1950 Mondiali di calcio
88%
Motto nazionale Libertad o M{uerte}
84%
Nel periodo 1860–1914 più di 200.000 immigranti arrivarono da questo paese Italia
79%
Moneta Peso
78%
Calciatore col vizio di morsicare gli avversari Luis Suarez
76%
Nel 2013 L'Uruguay fu il primo paese a legalizzarla Cannabis
74%
Ballo tradizionale nato in Uruguay Tango
52%
L'Uruguay si trova all'interno di questa regione fertile di praterie Pampas
48%
Estuario formato quando questo fiume incontra il Paranà R{io de la Plata}
41%
Simbolo presente sulla bandiera S{ol} de m{ayo}
38%
L'Uruguay ha 3.42 di questi animali per ogni abitante, la più alta nel mondo Mucche
32%
Eroe che partecipò da protagonista durante la guerra civile (1839-1851) Giuseppe Garibaldi
28%
Fiume che segna il confine occidentale del paese Uruguay
24%
Nessun quiz corrispondente trovato
Distribuzione punteggi
Percentuale di utenti per punteggio
Percentile per numero di risposta
I tuoi punteggi nel tempo
Non hai fatto questo quiz